[Event "MP do 16 lat - chlopcy"]
[Site "Sypniewo"]
[Date "2022.03.25"]
[Round "7.2"]
[White "Klimkowski, Jan"]
[Black "Wojdak, Jan"]
[Result "1-0"]
[BlackElo "2143"]
[WhiteElo "2350"]
[LiveChessVersion "1.4.8"]

1. e4 {[%clk 1:30:59]} e5 {[%clk 1:30:56]} 2. Nf3 {[%clk 1:31:25]} Nc6
{[%clk 1:31:21]} 3. Bb5 {[%clk 1:31:53]} Nf6 {[%clk 1:31:46]} 4. d4
{[%clk 1:30:39]} Nxd4 {[%clk 1:32:09]} 5. Nxd4 {[%clk 1:30:23]} c6
{[%clk 1:32:35]} 6. Be2 {[%clk 1:24:45]} exd4 {[%clk 1:31:58]} 7. Qxd4
{[%clk 1:25:12]} Qb6 {[%clk 1:29:33]} 8. Qe5+ {[%clk 1:22:16]} Be7
{[%clk 1:29:26]} 9. Nc3 {[%clk 1:22:36]} d6 {[%clk 1:21:10]} 10. Qg3
{[%clk 1:22:26]} h5 {[%clk 1:15:33]} 11. h3 {[%clk 1:20:15]} Be6 {[%clk 1:07:23]}
12. O-O {[%clk 1:18:28]} h4 {[%clk 1:01:57]} 13. Qd3 {[%clk 1:16:16]} Rd8
{[%clk 0:36:12]} 14. Be3 {[%clk 1:12:54]} Qa5 {[%clk 0:36:02]} 15. f4
{[%clk 0:54:16]} b5 {[%clk 0:36:24]} 16. a3 {[%clk 0:52:34]} Bc4 {[%clk 0:31:22]}
17. Qd1 {[%clk 0:49:50]} d5 {[%clk 0:31:28]} 18. Bxc4 {[%clk 0:40:07]} bxc4
{[%clk 0:31:04]} 19. exd5 {[%clk 0:38:48]} cxd5 {[%clk 0:30:48]} 20. Qd4
{[%clk 0:38:25]} Rd7 {[%clk 0:27:29]} 21. b4 {[%clk 0:36:21]} Qd8
{[%clk 0:27:55]} 22. Bf2 {[%clk 0:32:00]} Kf8 {[%clk 0:25:03]} 23. Rfe1
{[%clk 0:29:46]} Ne8 {[%clk 0:22:45]} 24. Rad1 {[%clk 0:28:02]} Nc7
{[%clk 0:22:47]} 25. f5 {[%clk 0:25:52]} Bf6 {[%clk 0:16:35]} 26. Qc5+
{[%clk 0:23:42]} Be7 {[%clk 0:17:04]} 27. Qd4 {[%clk 0:22:04]} Bf6
{[%clk 0:17:29]} 28. Qc5+ {[%clk 0:22:29]} Be7 {[%clk 0:17:55]} 29. Qe3
{[%clk 0:21:38]} Bf6 {[%clk 0:14:38]} 30. Qf3 {[%clk 0:20:21]} Kg8
{[%clk 0:11:52]} 31. Na4 {[%clk 0:19:49]} Qa8 {[%clk 0:08:43]} 32. Nc5
{[%clk 0:18:34]} Rd8 {[%clk 0:09:05]} 33. Bd4 {[%clk 0:17:58]} Bxd4+
{[%clk 0:08:21]} 34. Rxd4 {[%clk 0:18:23]} Ne8 {[%clk 0:08:17]} 35. Re7
{[%clk 0:13:43]} Nf6 {[%clk 0:07:54]} 36. Rd1 {[%clk 0:12:22]} Qc8
{[%clk 0:04:22]} 37. Rxa7 {[%clk 0:11:01]} Rh5 {[%clk 0:04:47]} 38. Rf1
{[%clk 0:11:27]} Qb8 {[%clk 0:00:37]} 39. Re7 {[%clk 0:10:43]} Rg5
{[%clk 0:00:51]} 40. Qf4 {[%clk 0:38:01]} Rg3 {[%clk 0:31:20]} 41. Qxb8
{[%clk 0:34:21]} Rxb8 {[%clk 0:31:22]} 42. Rf3 {[%clk 0:24:10]} Rxf3
{[%clk 0:30:20]} 43. gxf3 {[%clk 0:24:36]} d4 {[%clk 0:22:56]} 44. Kf2
{[%clk 0:20:30]} Rd8 {[%clk 0:21:58]} 45. b5 {[%clk 0:14:40]} Rc8
{[%clk 0:13:22]} 46. Re5 {[%clk 0:14:05]} d3 {[%clk 0:09:06]} 47. cxd3
{[%clk 0:13:40]} c3 {[%clk 0:09:32]} 48. d4 {[%clk 0:12:10]} Ne8 {[%clk 0:00:49]}
49. Nb3 {[%clk 0:11:18]} Nd6 {[%clk 0:01:05]} 50. a4 {[%clk 0:11:39]} Nb7
{[%clk 0:00:34]} 51. a5 {[%clk 0:09:41]} c2 {[%clk 0:00:49]} 52. a6
{[%clk 0:09:30]} Na5 {[%clk 0:00:34]} 53. Nc1 {[%clk 0:09:55]} Ra8
{[%clk 0:00:31]} 54. Rc5 {[%clk 0:10:13]} 1-0

[Event "MP do 16 lat - chlopcy"]
[Site "Sypniewo"]
[Date "2022.03.25"]
[Round "7.3"]
[White "Karolczuk, Iwo"]
[Black "Czernecki, Andrzej"]
[Result "1-0"]
[BlackElo "1848"]
[WhiteElo "2328"]
[LiveChessVersion "1.4.8"]

1. e4 {[%clk 1:30:25]} c5 {[%clk 1:30:49]} 2. Nf3 {[%clk 1:30:38]} Nc6
{[%clk 1:31:09]} 3. Bb5 {[%clk 1:30:56]} g6 {[%clk 1:31:10]} 4. Bxc6
{[%clk 1:31:19]} dxc6 {[%clk 1:31:33]} 5. d3 {[%clk 1:31:10]} Bg7
{[%clk 1:31:26]} 6. Nc3 {[%clk 1:30:53]} Nf6 {[%clk 1:30:12]} 7. h3
{[%clk 1:30:53]} O-O {[%clk 1:29:45]} 8. Be3 {[%clk 1:30:57]} Nd7
{[%clk 1:27:00]} 9. Qd2 {[%clk 1:31:13]} Qc7 {[%clk 1:21:43]} 10. O-O
{[%clk 1:29:31]} b6 {[%clk 1:20:48]} 11. Nh2 {[%clk 1:28:05]} e5 {[%clk 1:15:07]}
12. Bh6 {[%clk 1:21:45]} Nf6 {[%clk 1:13:40]} 13. Bxg7 {[%clk 1:20:36]} Kxg7
{[%clk 1:14:04]} 14. Ne2 {[%clk 1:18:18]} Nh5 {[%clk 1:07:28]} 15. Rae1
{[%clk 1:06:08]} Be6 {[%clk 0:57:22]} 16. f4 {[%clk 0:53:04]} exf4
{[%clk 0:56:36]} 17. Nxf4 {[%clk 0:53:24]} Nxf4 {[%clk 0:56:30]} 18. Rxf4
{[%clk 0:53:48]} Qd6 {[%clk 0:48:30]} 19. Nf3 {[%clk 0:44:23]} f6
{[%clk 0:43:14]} 20. Rh4 {[%clk 0:37:00]} Qe7 {[%clk 0:37:31]} 21. Qh6+
{[%clk 0:32:53]} Kg8 {[%clk 0:34:34]} 22. e5 {[%clk 0:31:23]} f5 {[%clk 0:32:28]}
23. Ng5 {[%clk 0:31:33]} Rf7 {[%clk 0:32:33]} 24. Nxf7 {[%clk 0:31:42]} Qxf7
{[%clk 0:32:59]} 25. Qg5 {[%clk 0:30:58]} Rf8 {[%clk 0:31:25]} 26. b3
{[%clk 0:30:53]} Qd7 {[%clk 0:30:45]} 27. Re3 {[%clk 0:26:44]} Qd8
{[%clk 0:29:27]} 28. Qxd8 {[%clk 0:26:26]} Rxd8 {[%clk 0:29:49]} 29. Ra4
{[%clk 0:25:49]} Ra8 {[%clk 0:27:18]} 30. d4 {[%clk 0:23:49]} cxd4
{[%clk 0:27:25]} 31. Rxd4 {[%clk 0:24:15]} Kf7 {[%clk 0:27:38]} 32. c4
{[%clk 0:24:21]} Ke7 {[%clk 0:26:48]} 33. Rd6 {[%clk 0:24:43]} Rc8
{[%clk 0:27:08]} 34. h4 {[%clk 0:24:32]} h6 {[%clk 0:25:01]} 35. Kf2
{[%clk 0:24:51]} c5 {[%clk 0:24:23]} 36. Red3 {[%clk 0:24:30]} Kf7
{[%clk 0:20:28]} 37. Rd8 {[%clk 0:24:24]} Rc7 {[%clk 0:20:50]} 38. Rh8
{[%clk 0:19:34]} Kg7 {[%clk 0:21:13]} 39. Re8 {[%clk 0:18:53]} Bf7
{[%clk 0:20:18]} 40. Red8 {[%clk 0:49:05]} Be6 {[%clk 0:50:41]} 41. R3d6
{[%clk 0:48:49]} Re7 {[%clk 0:50:43]} 42. Kf3 {[%clk 0:47:33]} Kf7
{[%clk 0:47:45]} 43. Kf4 {[%clk 0:47:48]} Kg7 {[%clk 0:48:03]} 44. Rc6
{[%clk 0:47:17]} Bf7 {[%clk 0:43:55]} 45. Rdd6 {[%clk 0:46:47]} Be8
{[%clk 0:43:36]} 46. Re6 {[%clk 0:46:38]} Rxe6 {[%clk 0:43:57]} 47. Rxe6
{[%clk 0:47:03]} Kf7 {[%clk 0:44:22]} 48. Rf6+ {[%clk 0:47:30]} Ke7
{[%clk 0:44:48]} 49. h5 {[%clk 0:47:31]} 1-0

[Event "MP do 16 lat - chlopcy"]
[Site "Sypniewo"]
[Date "2022.03.25"]
[Round "7.4"]
[White "Zdybel, Przemyslaw"]
[Black "Fiszer, Bartosz"]
[Result "0-1"]
[BlackElo "2226"]
[WhiteElo "2008"]
[LiveChessVersion "1.4.8"]

1. e4 {[%clk 1:30:57]} c5 {[%clk 1:30:51]} 2. Nf3 {[%clk 1:31:00]} Nc6
{[%clk 1:31:11]} 3. d4 {[%clk 1:31:11]} cxd4 {[%clk 1:31:33]} 4. Nxd4
{[%clk 1:31:28]} Nf6 {[%clk 1:31:38]} 5. Nc3 {[%clk 1:31:45]} d6 {[%clk 1:32:03]}
6. Bg5 {[%clk 1:32:02]} e6 {[%clk 1:32:27]} 7. Qd2 {[%clk 1:32:02]} a6
{[%clk 1:32:51]} 8. f4 {[%clk 1:31:14]} Bd7 {[%clk 1:30:51]} 9. O-O-O
{[%clk 1:31:02]} b5 {[%clk 1:30:52]} 10. Bxf6 {[%clk 1:29:35]} gxf6
{[%clk 1:31:10]} 11. Kb1 {[%clk 1:28:29]} b4 {[%clk 1:28:46]} 12. Nce2
{[%clk 1:28:11]} Qb6 {[%clk 1:29:06]} 13. Nxc6 {[%clk 1:27:57]} Bxc6
{[%clk 1:29:22]} 14. f5 {[%clk 1:28:17]} e5 {[%clk 1:29:41]} 15. Ng3
{[%clk 1:28:03]} h5 {[%clk 1:30:03]} 16. h4 {[%clk 1:28:26]} Qc5 {[%clk 1:28:53]}
17. b3 {[%clk 1:25:37]} Ke7 {[%clk 1:29:01]} 18. Bc4 {[%clk 1:24:56]} Bh6
{[%clk 1:29:21]} 19. Qe2 {[%clk 1:25:17]} Bb5 {[%clk 1:28:31]} 20. Rd3
{[%clk 1:21:23]} Rac8 {[%clk 1:21:15]} 21. Nxh5 {[%clk 0:36:24]} Bxc4
{[%clk 1:20:07]} 22. bxc4 {[%clk 0:36:52]} Qxc4 {[%clk 1:19:12]} 23. g4
{[%clk 0:26:19]} Rc5 {[%clk 1:05:51]} 24. Nxf6 {[%clk 0:19:01]} Kxf6
{[%clk 1:03:59]} 25. g5+ {[%clk 0:18:22]} Ke7 {[%clk 1:03:41]} 26. f6+
{[%clk 0:14:07]} Ke8 {[%clk 1:02:54]} 27. gxh6 {[%clk 0:12:00]} Rxh6
{[%clk 0:59:17]} 28. Qd2 {[%clk 0:01:58]} Rxf6 {[%clk 0:56:40]} 29. h5
{[%clk 0:02:12]} Qxe4 {[%clk 0:50:02]} 30. Re1 {[%clk 0:02:12]} Qh4
{[%clk 0:43:10]} 31. Rd1 {[%clk 0:00:42]} Rf2 {[%clk 0:39:18]} 32. Qe3
{[%clk 0:00:38]} Rcxc2 {[%clk 0:39:23]} 33. Rb3 {[%clk 0:00:49]} Qxh5
{[%clk 0:38:01]} 34. Rg1 {[%clk 0:00:49]} Rg2 {[%clk 0:37:00]} 35. Rxb4
{[%clk 0:01:01]} Rb2+ {[%clk 0:36:45]} 36. Rxb2 {[%clk 0:01:06]} Qg6+
{[%clk 0:37:09]} 0-1

[Event "MP do 16 lat - chlopcy"]
[Site "Sypniewo"]
[Date "2022.03.25"]
[Round "7.5"]
[White "Kolodziejski, Piotr"]
[Black "Myrmus, Mateusz"]
[Result "1/2-1/2"]
[BlackElo "1925"]
[WhiteElo "2115"]
[LiveChessVersion "1.4.8"]

1. e4 {[%clk 1:30:57]} e6 {[%clk 1:30:54]} 2. d3 {[%clk 1:31:22]} d5
{[%clk 1:31:18]} 3. Qe2 {[%clk 1:31:47]} Nf6 {[%clk 1:28:37]} 4. Nf3
{[%clk 1:31:58]} Be7 {[%clk 1:27:17]} 5. g3 {[%clk 1:31:55]} c5 {[%clk 1:24:06]}
6. Bg2 {[%clk 1:32:06]} Nc6 {[%clk 1:22:06]} 7. O-O {[%clk 1:31:40]} O-O
{[%clk 1:18:54]} 8. e5 {[%clk 1:31:46]} Nd7 {[%clk 1:19:16]} 9. c4
{[%clk 1:32:07]} Nb6 {[%clk 1:10:09]} 10. b3 {[%clk 1:26:41]} f5 {[%clk 1:06:30]}
11. exf6 {[%clk 1:11:54]} Bxf6 {[%clk 1:06:53]} 12. Bb2 {[%clk 1:12:09]} d4
{[%clk 0:58:32]} 13. Nbd2 {[%clk 1:09:49]} Be7 {[%clk 0:46:44]} 14. h4
{[%clk 1:05:36]} Qc7 {[%clk 0:44:28]} 15. Rae1 {[%clk 1:02:03]} Bd7 16. Bh3
{[%clk 0:59:35]} e5 {[%clk 0:40:04]} 17. Bxd7 {[%clk 0:55:29]} Nxd7
{[%clk 0:40:29]} 18. Nh2 {[%clk 0:49:58]} Rae8 {[%clk 0:39:10]} 19. Ne4
{[%clk 0:47:03]} b6 {[%clk 0:36:07]} 20. Bc1 {[%clk 0:46:55]} Nf6
{[%clk 0:35:03]} 21. Qd1 {[%clk 0:39:43]} Nb8 {[%clk 0:31:08]} 22. Bd2
{[%clk 0:34:53]} Nbd7 {[%clk 0:30:24]} 23. Ng5 {[%clk 0:34:29]} Bd6
{[%clk 0:29:27]} 24. Kg2 {[%clk 0:28:20]} h6 {[%clk 0:29:45]} 25. Ne4
{[%clk 0:27:35]} Nxe4 {[%clk 0:29:57]} 26. dxe4 {[%clk 0:26:52]} Qd8
{[%clk 0:29:45]} 27. Qg4 {[%clk 0:26:16]} Kh8 {[%clk 0:27:16]} 28. Nf3
{[%clk 0:25:02]} Nf6 {[%clk 0:25:43]} 29. Qg6 {[%clk 0:24:05]} Qd7
{[%clk 0:23:26]} 30. Rh1 {[%clk 0:19:10]} Qf7 {[%clk 0:22:46]} 31. Qxf7
{[%clk 0:18:13]} Rxf7 {[%clk 0:23:11]} 32. Nh2 {[%clk 0:16:40]} h5
{[%clk 0:22:08]} 33. f3 {[%clk 0:15:19]} Ref8 {[%clk 0:20:26]} 34. Rhf1
{[%clk 0:14:30]} Nd7 {[%clk 0:20:05]} 35. Kf2 {[%clk 0:14:33]} g6
{[%clk 0:19:07]} 36. Bh6 {[%clk 0:14:33]} Re8 {[%clk 0:19:27]} 37. Ke2
{[%clk 0:14:51]} Bf8 {[%clk 0:19:33]} 38. Bd2 {[%clk 0:14:45]} Kh7
{[%clk 0:19:50]} 39. Kd3 {[%clk 0:12:27]} Bh6 {[%clk 0:20:02]} 40. Bxh6
{[%clk 0:38:37]} Kxh6 {[%clk 0:50:28]} 41. a3 {[%clk 0:37:29]} a5
{[%clk 0:50:18]} 42. Rf2 {[%clk 0:36:53]} Nb8 {[%clk 0:48:18]} 43. Nf1
{[%clk 0:35:07]} Nc6 {[%clk 0:47:21]} 44. Rb1 {[%clk 0:33:03]} Ra8
{[%clk 0:47:02]} 45. Nd2 {[%clk 0:30:44]} Kg7 {[%clk 0:46:01]} 46. f4
{[%clk 0:29:12]} Raf8 {[%clk 0:45:19]} 47. Rbf1 {[%clk 0:28:00]} 1/2-1/2

[Event "MP do 16 lat - chlopcy"]
[Site "Sypniewo"]
[Date "2022.03.25"]
[Round "7.6"]
[White "Janeczko, Jakub"]
[Black "Backiel, Hubert"]
[Result "1/2-1/2"]
[BlackElo "2075"]
[WhiteElo "2053"]
[LiveChessVersion "1.4.8"]

1. e4 {[%clk 1:30:58]} c5 {[%clk 1:27:50]} 2. Nf3 {[%clk 1:31:22]} d6
{[%clk 1:28:11]} 3. Bc4 {[%clk 1:31:44]} Nf6 {[%clk 1:25:39]} 4. d3
{[%clk 1:32:07]} e6 {[%clk 1:24:34]} 5. Bb3 {[%clk 1:32:31]} Be7 {[%clk 1:21:30]}
6. O-O {[%clk 1:32:53]} O-O {[%clk 1:21:45]} 7. Re1 {[%clk 1:33:19]} b5
{[%clk 1:12:49]} 8. c3 {[%clk 1:33:39]} Bb7 {[%clk 1:12:43]} 9. Nbd2
{[%clk 1:33:51]} Nbd7 {[%clk 1:11:56]} 10. Nf1 {[%clk 1:33:31]} Qc7
{[%clk 1:04:07]} 11. Ng3 {[%clk 1:27:13]} Nb6 {[%clk 0:57:31]} 12. Bc2
{[%clk 1:25:03]} Rac8 {[%clk 0:56:23]} 13. Bf4 {[%clk 1:16:22]} Rfd8
{[%clk 0:45:00]} 14. Qe2 {[%clk 1:13:53]} h6 {[%clk 0:37:03]} 15. h3
{[%clk 1:13:20]} e5 {[%clk 0:35:03]} 16. Bd2 {[%clk 1:12:17]} Bf8
{[%clk 0:34:52]} 17. Nf5 {[%clk 1:05:16]} Re8 {[%clk 0:31:04]} 18. g4
{[%clk 1:00:23]} d5 {[%clk 0:28:44]} 19. g5 {[%clk 0:56:14]} hxg5
{[%clk 0:25:52]} 20. Bxg5 {[%clk 0:55:29]} Nbd7 {[%clk 0:25:14]} 21. Kh2
{[%clk 0:46:59]} c4 {[%clk 0:22:28]} 22. Nd2 {[%clk 0:34:16]} cxd3
{[%clk 0:16:48]} 23. Bxd3 {[%clk 0:34:31]} dxe4 {[%clk 0:17:14]} 24. Nxe4
{[%clk 0:34:04]} Nxe4 {[%clk 0:16:21]} 25. Bxe4 {[%clk 0:34:31]} Bxe4
{[%clk 0:15:28]} 26. Qxe4 {[%clk 0:34:54]} Re6 {[%clk 0:11:34]} 27. Rg1
{[%clk 0:34:36]} Nc5 {[%clk 0:10:07]} 28. Qh4 {[%clk 0:34:46]} Rg6
{[%clk 0:09:40]} 29. Be7 {[%clk 0:32:36]} e4+ {[%clk 0:07:15]} 30. Kh1
{[%clk 0:32:57]} Qe5 {[%clk 0:07:08]} 31. Qh5 {[%clk 0:24:49]} Qe6
{[%clk 0:02:17]} 32. Bxf8 {[%clk 0:25:10]} Rxf8 {[%clk 0:02:08]} 33. Nxg7
{[%clk 0:25:07]} Kxg7 {[%clk 0:02:31]} 34. Rxg6+ {[%clk 0:25:25]} fxg6
{[%clk 0:02:45]} 35. Qxc5 {[%clk 0:25:50]} Qxh3+ {[%clk 0:02:36]} 36. Kg1
{[%clk 0:26:15]} Rf5 {[%clk 0:01:26]} 37. Qe3 {[%clk 0:23:26]} Qg4+
{[%clk 0:00:55]} 38. Kf1 {[%clk 0:23:53]} Rh5 {[%clk 0:00:33]} 39. Qxa7+
{[%clk 0:23:34]} Kg8 {[%clk 0:00:33]} 40. Qb8+ {[%clk 0:53:31]} Kh7
{[%clk 0:30:50]} 41. Qa7+ {[%clk 0:53:56]} Kh6 {[%clk 0:28:38]} 42. Qe3+
{[%clk 0:54:14]} Kg7 {[%clk 0:20:48]} 43. Qa7+ {[%clk 0:54:33]} Kf6
{[%clk 0:20:57]} 44. Qb6+ {[%clk 0:54:16]} Kg5 {[%clk 0:20:08]} 45. Qd8+
{[%clk 0:53:09]} Kf4 {[%clk 0:16:45]} 46. Qd2+ {[%clk 0:53:19]} Ke5
{[%clk 0:16:14]} 47. Qd4+ {[%clk 0:53:43]} Ke6 {[%clk 0:15:56]} 48. Qb6+
{[%clk 0:54:07]} Kf5 {[%clk 0:11:59]} 49. Qc5+ {[%clk 0:54:18]} Kf6
{[%clk 0:11:25]} 50. Qf8+ {[%clk 0:54:11]} Kg5 {[%clk 0:10:36]} 51. Qe7+
{[%clk 0:49:40]} Kf4 {[%clk 0:06:44]} 52. Qd6+ {[%clk 0:50:02]} Kg5
{[%clk 0:04:32]} 1/2-1/2

[Event "MP do 16 lat - chlopcy"]
[Site "Sypniewo"]
[Date "2022.03.25"]
[Round "7.7"]
[White "Chyzy, Jakub"]
[Black "Zalega, Maciej"]
[Result "1-0"]
[BlackElo "1994"]
[WhiteElo "2227"]
[LiveChessVersion "1.4.8"]

1. e4 {[%clk 1:30:59]} c5 {[%clk 1:30:57]} 2. Nf3 {[%clk 1:31:24]} Nc6
{[%clk 1:31:11]} 3. d4 {[%clk 1:31:48]} cxd4 {[%clk 1:31:38]} 4. Nxd4
{[%clk 1:32:11]} Nf6 {[%clk 1:31:58]} 5. Nc3 {[%clk 1:32:37]} d6 {[%clk 1:32:26]}
6. f3 {[%clk 1:32:59]} Nxd4 {[%clk 1:32:52]} 7. Qxd4 {[%clk 1:33:25]} g6
{[%clk 1:33:20]} 8. Bb5+ {[%clk 1:33:49]} Bd7 {[%clk 1:32:50]} 9. Bxd7+
{[%clk 1:34:15]} Qxd7 {[%clk 1:33:08]} 10. Be3 {[%clk 1:34:44]} Bg7
{[%clk 1:33:26]} 11. O-O-O {[%clk 1:35:09]} O-O {[%clk 1:31:39]} 12. e5
{[%clk 1:35:34]} Ne8 {[%clk 1:28:29]} 13. Qe4 {[%clk 1:36:03]} f5
{[%clk 1:12:37]} 14. Qc4+ {[%clk 1:30:39]} Kh8 {[%clk 1:11:54]} 15. Bf4
{[%clk 1:21:01]} Rc8 {[%clk 1:02:43]} 16. Qb3 {[%clk 1:08:27]} Rc5
{[%clk 0:50:22]} 17. Rhe1 {[%clk 1:05:50]} e6 {[%clk 0:41:06]} 18. exd6
{[%clk 0:52:15]} e5 {[%clk 0:41:30]} 19. Qa4 {[%clk 0:44:32]} b5 {[%clk 0:38:18]}
20. Qb4 {[%clk 0:43:49]} Rxc3 {[%clk 0:36:22]} 21. Qxc3 {[%clk 0:44:09]} exf4
{[%clk 0:36:35]} 22. Re7 {[%clk 0:43:12]} Qd8 {[%clk 0:27:39]} 23. Qc6
{[%clk 0:42:59]} b4 {[%clk 0:22:34]} 24. Qd7 {[%clk 0:24:35]} Qxd7
{[%clk 0:13:37]} 25. Rxd7 {[%clk 0:25:03]} Nf6 {[%clk 0:14:06]} 26. Rxa7
{[%clk 0:25:09]} Rd8 {[%clk 0:14:34]} 27. d7 {[%clk 0:18:35]} Kg8
{[%clk 0:12:59]} 28. c4 {[%clk 0:16:32]} bxc3 {[%clk 0:11:05]} 29. bxc3
{[%clk 0:16:54]} Kf7 {[%clk 0:10:53]} 30. c4 {[%clk 0:17:17]} Bf8
{[%clk 0:11:10]} 31. Rc7 {[%clk 0:13:18]} Ke6 {[%clk 0:08:55]} 32. Rc8
{[%clk 0:13:10]} Ba3+ {[%clk 0:08:58]} 33. Kc2 {[%clk 0:13:21]} Rxd7
{[%clk 0:09:14]} 34. Rc6+ {[%clk 0:11:04]} Ke7 {[%clk 0:08:38]} 35. Rxd7+
{[%clk 0:10:02]} Nxd7 {[%clk 0:09:03]} 36. Kb3 {[%clk 0:10:02]} Bc5
{[%clk 0:07:48]} 37. a4 {[%clk 0:09:56]} Bg1 {[%clk 0:03:24]} 38. a5
{[%clk 0:06:40]} Kd8 {[%clk 0:02:08]} 39. h3 {[%clk 0:05:43]} Nb8
{[%clk 0:01:42]} 40. Rd6+ {[%clk 0:35:39]} Ke7 {[%clk 0:31:17]} 41. Rd1
{[%clk 0:31:16]} Be3 {[%clk 0:27:07]} 42. Ka4 {[%clk 0:31:15]} Na6
{[%clk 0:25:42]} 43. Kb5 {[%clk 0:31:21]} Nc7+ {[%clk 0:26:09]} 44. Kc6
{[%clk 0:31:33]} Na6 {[%clk 0:18:54]} 45. Rd7+ {[%clk 0:31:20]} Ke6
{[%clk 0:18:42]} 46. Rxh7 {[%clk 0:31:33]} Nb8+ {[%clk 0:16:43]} 47. Kb5
{[%clk 0:30:50]} Nd7 {[%clk 0:16:12]} 48. Rg7 {[%clk 0:29:47]} 1-0

[Event "MP do 16 lat - chlopcy"]
[Site "Sypniewo"]
[Date "2022.03.25"]
[Round "7.8"]
[White "Malinowski, Szymon"]
[Black "Wnek, Filip"]
[Result "1-0"]
[BlackElo "2033"]
[WhiteElo "1675"]
[LiveChessVersion "1.4.8"]

1. d4 {[%clk 1:30:57]} Nf6 {[%clk 1:30:07]} 2. Bf4 {[%clk 1:31:17]} e6
{[%clk 1:30:31]} 3. Nf3 {[%clk 1:31:40]} Be7 {[%clk 1:30:40]} 4. Nbd2
{[%clk 1:31:56]} d5 {[%clk 1:31:00]} 5. e3 {[%clk 1:32:19]} O-O {[%clk 1:31:12]}
6. Bd3 {[%clk 1:32:43]} c5 {[%clk 1:31:25]} 7. c3 {[%clk 1:32:49]} Nc6
{[%clk 1:31:40]} 8. O-O {[%clk 1:32:54]} Bd6 {[%clk 1:31:26]} 9. Ne5
{[%clk 1:31:40]} Ne7 {[%clk 1:31:33]} 10. g4 {[%clk 1:30:00]} Ng6
{[%clk 1:27:19]} 11. Nxg6 {[%clk 1:29:31]} fxg6 {[%clk 1:26:39]} 12. Bxd6
{[%clk 1:29:19]} Qxd6 {[%clk 1:27:00]} 13. f4 {[%clk 1:29:45]} b6
{[%clk 1:26:10]} 14. g5 {[%clk 1:29:52]} Ne8 {[%clk 1:25:58]} 15. Nf3
{[%clk 1:29:47]} a5 {[%clk 1:24:05]} 16. Bc2 {[%clk 1:29:12]} Ba6
{[%clk 1:24:11]} 17. Rf2 {[%clk 1:29:37]} cxd4 {[%clk 1:22:56]} 18. cxd4
{[%clk 1:29:49]} Qc7 {[%clk 1:21:54]} 19. Ne5 {[%clk 1:29:56]} Nd6
{[%clk 1:15:33]} 20. h4 {[%clk 1:25:24]} Nc4 {[%clk 1:14:14]} 21. Nxc4
{[%clk 1:24:20]} Qxc4 {[%clk 1:03:58]} 22. h5 {[%clk 1:24:41]} Kf7
{[%clk 0:58:27]} 23. Qg4 {[%clk 1:23:34]} Ke7 {[%clk 0:50:53]} 24. hxg6
{[%clk 1:23:32]} hxg6 {[%clk 0:51:18]} 25. Bxg6 {[%clk 1:23:56]} Bc8
{[%clk 0:47:28]} 26. Rc2 {[%clk 1:23:58]} Qb4 {[%clk 0:44:16]} 27. Qh5
{[%clk 1:22:07]} Bd7 {[%clk 0:43:14]} 28. Qh7 {[%clk 1:22:06]} Rg8
{[%clk 0:41:52]} 29. Rac1 {[%clk 1:22:24]} a4 {[%clk 0:40:50]} 30. Bh5
{[%clk 1:17:39]} Kd6 {[%clk 0:34:14]} 31. Kf2 {[%clk 0:54:17]} Rac8
{[%clk 0:31:32]} 32. Be2 {[%clk 0:37:07]} Rh8 {[%clk 0:19:53]} 33. Qxg7
{[%clk 0:36:23]} Rh2+ {[%clk 0:19:16]} 34. Kg3 {[%clk 0:36:40]} Rch8
{[%clk 0:18:30]} 35. f5 {[%clk 0:36:22]} R2h3+ {[%clk 0:00:48]} 36. Kf4
{[%clk 0:36:21]} R3h4+ {[%clk 0:00:37]} 37. Bg4 {[%clk 0:36:12]} Qb5
{[%clk 0:00:35]} 38. Qe5+ {[%clk 0:35:59]} Ke7 {[%clk 0:01:00]} 39. f6+
{[%clk 0:36:10]} Kf7 {[%clk 0:00:34]} 40. g6+ {[%clk 1:06:34]} 1-0

[Event "MP do 16 lat - chlopcy"]
[Site "Sypniewo"]
[Date "2022.03.25"]
[Round "7.9"]
[White "Kazmierowski, Tymon"]
[Black "Melerowicz, Dominik"]
[Result "1-0"]
[BlackElo "1825"]
[WhiteElo "2032"]
[LiveChessVersion "1.4.8"]

1. e4 {[%clk 1:30:58]} c5 {[%clk 1:30:55]} 2. Nf3 {[%clk 1:31:24]} d6
{[%clk 1:31:20]} 3. d4 {[%clk 1:31:50]} cxd4 {[%clk 1:31:46]} 4. Nxd4
{[%clk 1:32:15]} Nf6 {[%clk 1:32:12]} 5. Nc3 {[%clk 1:32:41]} a6 {[%clk 1:32:37]}
6. Bg5 {[%clk 1:32:35]} e6 {[%clk 1:32:59]} 7. f4 {[%clk 1:33:01]} h6
{[%clk 1:33:23]} 8. Bh4 {[%clk 1:33:27]} Qb6 {[%clk 1:33:48]} 9. a3
{[%clk 1:33:48]} Be7 {[%clk 1:34:04]} 10. Bf2 {[%clk 1:34:12]} Qc7
{[%clk 1:34:29]} 11. Qf3 {[%clk 1:34:33]} Nbd7 {[%clk 1:34:23]} 12. O-O-O
{[%clk 1:34:55]} b5 {[%clk 1:34:39]} 13. g4 {[%clk 1:35:19]} Bb7 {[%clk 1:34:58]}
14. h4 {[%clk 1:35:34]} Nc5 {[%clk 1:29:47]} 15. Bd3 {[%clk 1:35:45]} d5
{[%clk 1:26:45]} 16. e5 {[%clk 1:36:08]} Nfe4 {[%clk 1:26:29]} 17. Bxe4
{[%clk 1:36:27]} Nxe4 {[%clk 1:25:03]} 18. Rh3 {[%clk 1:36:36]} Nxf2
{[%clk 1:20:27]} 19. Qxf2 {[%clk 1:36:39]} Bc5 {[%clk 0:59:10]} 20. Qe2
{[%clk 1:26:33]} Bc6 {[%clk 0:50:38]} 21. f5 {[%clk 1:21:03]} Qb6
{[%clk 0:44:24]} 22. Qd3 {[%clk 1:06:29]} Bxd4 {[%clk 0:44:01]} 23. Qxd4
{[%clk 1:06:56]} Qxd4 {[%clk 0:44:24]} 24. Rxd4 {[%clk 1:07:22]} Ke7
{[%clk 0:38:24]} 25. Ne2 {[%clk 1:03:12]} Rac8 {[%clk 0:30:36]} 26. Nf4
{[%clk 1:02:18]} Be8 {[%clk 0:30:47]} 27. Nh5 {[%clk 0:56:09]} g6
{[%clk 0:29:28]} 28. fxg6 {[%clk 0:44:49]} fxg6 {[%clk 0:29:55]} 29. Nf6
{[%clk 0:45:12]} Rc4 {[%clk 0:28:55]} 30. Rhd3 {[%clk 0:45:18]} Bd7
{[%clk 0:26:49]} 31. b3 {[%clk 0:44:14]} Rc7 {[%clk 0:25:33]} 32. Rf3
{[%clk 0:29:09]} Bc6 {[%clk 0:19:28]} 33. Kb2 {[%clk 0:26:12]} a5
{[%clk 0:17:57]} 34. Rc3 {[%clk 0:23:53]} Rb8 {[%clk 0:16:51]} 35. Rc5
{[%clk 0:22:21]} Rcc8 {[%clk 0:15:45]} 36. Rd3 {[%clk 0:19:06]} Rb6
{[%clk 0:13:23]} 37. Kc1 {[%clk 0:12:36]} a4 {[%clk 0:10:19]} 38. b4
{[%clk 0:12:14]} Ra6 {[%clk 0:06:20]} 39. Kd2 {[%clk 0:12:03]} Ra7
{[%clk 0:05:30]} 40. Ke3 {[%clk 0:36:03]} Ra6 {[%clk 0:34:35]} 41. Kd4
{[%clk 0:36:15]} Rb6 {[%clk 0:34:28]} 42. Rdc3 {[%clk 0:35:22]} Ra6
{[%clk 0:31:42]} 43. Rxb5 {[%clk 0:34:47]} Bxb5 {[%clk 0:31:59]} 44. Rxc8
{[%clk 0:35:13]} Ra7 {[%clk 0:32:19]} 1-0